Formule 1 - Écuries - Mort subite - Statistiques

Statistiques générales
  • Ce quiz a été pris 28 086 fois
    10 900 depuis la dernière actualisation
  • Le résultat moyen est 8 sur 23
Answers on the Grid
Answers color-coded by a green-red scale on the quiz's grid according to % correct below.
Williams
Vanwall
Tyrrell
Toyota
Red Bull
Porsche
Mercedes
McLaren
Maserati
Ligier
Jordan
Jaguar
Honda
Ferrari
Cooper
Benetton
BAR
Renault
Lotus
Lancia
Prost
Arrows
Audi
Rolls-Royce
Citroën
Koenigsegg
Peugeot
Pagani
Nissan
Monster
Mini
Ford
Fiat
Volvo
Total
Shell
Seat
Ascari
Piquet
Senna
Rockstar
Racing Square
Force China
Twitch Sauber
Speaker
Virgo
Fox
Beta Tauri
Puma
HP
 
Statistiques - réponses
Réponse % Correct
Ferrari
66%
McLaren
66%
Red Bull
66%
Mercedes
64%
Williams
63%
Renault
59%
Lotus
52%
Audi
50%
Benetton
41%
Honda
31%
Jordan
31%
Prost
29%
Jaguar
28%
Toyota
26%
Ligier
25%
Tyrrell
25%
Maserati
17%
Arrows
15%
BAR
15%
Porsche
15%
Cooper
12%
Vanwall
10%
Lancia
8%
Aucun quiz correspondant
Distribution des résultats
% des personnes avec chaque résultat
Percentile par nombre de réponses
Votre historique - résultats
Vous n’avez pas pris ce quiz depuis la dernière actualisation